000 01173nam a22002657a 4500
999 _c2127
_d2127
003 AR-CdUCM
008 190304b ||||| |||| 00| 0 spa d
040 _aMUNICIPALIDAD PROVINCIAL DEL CUSCO
_cBIBLIOTECA MUNICIPAL DEL CUSCO
041 _heng
082 _a 299.8562 /
_bT85
100 _aTschopik, Harry Jr.
_97671
245 _aMagia en Chucuito :
_blos aymara del Perú /
260 _aMéxico :
_bInstituto Indigenista Interamericano,
_c1968.
300 _aX, 382 páginas ;
_bCuadros, mapas, dibujos ;
_c21.5 cm.
_eLáminas.
440 _aEdiciones Especiales
_n : 50
_97672
505 _aContenido: El medio -- La comunidad de Chucuito -- Algunos aspectos de la personalidad aymara -- El patrón integral de la magia -- El mundo sobrenatural -- La magia y el mago -- Ceremonias del mago ...
650 _aReligión aborigen - Aymara - Perú
_97673
650 _aIndígenas aymaras - Puno
_97674
650 _aVida y costumbres sociales - Aymara
_97675
650 _aComunidades - Chucuito
_97676
650 _aMagia - Mago - aymaras
_97677
700 _aÁvalos de Matos, Rosalía (Traductora)
_97678
942 _2ddc
_cLIBROS
945 _alccs
_d2019-03-04